000
00334nam a2200133Ia 4500
008
100328s9999 xx 000 0 und d
082
_b
60242
100
_a
पवार दया.
245
_a
बलुतं.
260
_b
गं्रथाली.
630
_a
बलुतं.
730
_a
बलुतं.
942
_c
BOOK
999
_c
546404
_d
546401